[Event "Indywidualne Mistrzostwa Polski Juniorow do lat 18 - Chlopcy"]
[Site "Szklarska Poreba"]
[Date "1899-12-30"]
[Round "8.19"]
[White "Kaminski, Maciej"]
[Black "Niemier, Hubert"]
[Result "1-0"]
[WhiteTitle "I++"]
[BlackTitle "I"]
[WhiteElo "1796"]
[BlackElo "1801"]

1. e4 c5 2. Nf3 e6 3. d4 cxd4 4. Nxd4 Nf6 5. Nc3 d6 6. g4 h6 7. h4 a6 8. Bg2 Be7
9. g5 hxg5 10. hxg5 Rxh1+ 11. Bxh1 Nfd7 12. Qh5 Nf8 13. f4 g6 14. Qh8 Nc6 15.
Be3 Nxd4 16. Qxd4 Bd7 17. O-O-O Rc8 18. Qa7 Bc6 19. Kb1 Ra8 20. Qd4 b5 21. f5
Bxg5 22. Bxg5 Qxg5 23. Qxd6 Rc8 24. f6 Qxf6 25. e5 1-0

[Event "Indywidualne Mistrzostwa Polski Juniorow do lat 18 - Chlopcy"]
[Site "Szklarska Poreba"]
[Date "1899-12-30"]
[Round "8.20"]
[White "Burzak, Wojciech"]
[Black "Szydelko, Michal"]
[Result "1-0"]
[WhiteTitle "I"]
[BlackTitle "I"]
[WhiteElo "1666"]
[BlackElo "1764"]

1. e4 e5 2. Nf3 Nf6 3. d4 Nxe4 4. Bd3 d5 5. Nxe5 Bd6 6. O-O O-O 7. c4 c6 8. Nc3
Nxc3 9. bxc3 Bxe5 10. dxe5 dxc4 11. Bxc4 Qa5 12. Qe2 Re8 13. f4 Qxc3 14. Bb2 Qa5
15. f5 Qc7 16. e6 f6 17. Rad1 b5 18. Rd7 Qb6+ 19. Bd4 c5 20. Bxf6 g6 21. Rg7+
1-0

[Event "Indywidualne Mistrzostwa Polski Juniorow do lat 18 - Chlopcy"]
[Site "Szklarska Poreba"]
[Date "1899-12-30"]
[Round "8.21"]
[White "Kukorowski, Jan"]
[Black "Posluszny, Tomasz"]
[Result "1/2-1/2"]
[WhiteTitle "I+"]
[BlackTitle "I+"]
[WhiteElo "1719"]
[BlackElo "1906"]

1. e4 c5 2. Nf3 e6 3. d4 cxd4 4. Nxd4 Nc6 5. Nb5 d6 6. c4 Nf6 7. N1c3 a6 8. Na3
Be7 9. Be2 O-O 10. O-O Re8 11. Be3 b6 12. Qb3 Nd7 13. Rad1 Qc7 14. Qc2 Qa7 15.
Qd2 Bb7 16. Nc2 Rac8 17. b3 Bf8 18. Nd4 Qa8 19. f3 Rb8 20. Bd3 Nxd4 21. Bxd4 Bc6
22. Ne2 Ne5 23. Bb1 b5 24. cxb5 Bxb5 25. Rfe1 Red8 26. Bc3 Be8 27. Kh1 Be7 28.
Nd4 Nc6 29. Nxc6 Bxc6 30. Rc1 Rbc8 31. Bd3 d5 32. Qe2 Bb5 33. Ba5 Rxc1 34. Rxc1
Rc8 35. Rxc8+ Qxc8 36. Bxb5 axb5 37. exd5 Qc1+ 38. Qe1 Qxe1+ 39. Bxe1 exd5 40.
Kg1 b4 41. Kf1 Bc5 42. Ke2 Kf8 43. Kd3 Ke7 44. Bd2 1/2-1/2

[Event "Indywidualne Mistrzostwa Polski Juniorow do lat 18 - Chlopcy"]
[Site "Szklarska Poreba"]
[Date "1899-12-30"]
[Round "8.22"]
[White "Paliwoda, Borys"]
[Black "Goreczny, Tomasz"]
[Result "0-1"]
[WhiteTitle "I+"]
[BlackTitle "I"]
[WhiteElo "1974"]
[BlackElo "1784"]

1. e4 e6 2. d4 d5 3. Nc3 dxe4 4. Nxe4 Nf6 5. Nxf6+ Qxf6 6. Nf3 h6 7. Be3 Bd7 8.
Be2 Bc6 9. Qd2 Bd6 10. c4 Bxf3 11. Bxf3 c6 12. O-O Nd7 13. Qe2 O-O 14. g3 e5 15.
d5 c5 16. Bg4 Qe7 17. Bxd7 Qxd7 18. f4 exf4 19. Bxf4 Rae8 20. Qd2 Re4 21. Bxd6
Qxd6 22. b3 b5 23. Rae1 Rd4 24. Qe2 bxc4 25. bxc4 Qa6 26. Rf4 Rxf4 27. gxf4 Rb8
28. Qc2 Qf6 29. Qd3 Qxf4 30. d6 Kf8 31. d7 Qf6 32. Qd5 Qg5+ 33. Qxg5 hxg5 34.
Re5 Rd8 35. Rxc5 Rxd7 36. a4 f6 37. a5 Ke7 38. Rc6 Kd8 39. c5 Rc7 40. Ra6 Kc8
41. Kf2 Kb7 42. Re6 Rxc5 43. a6+ Kc7 44. Re7+ Kb6 0-1

[Event "Indywidualne Mistrzostwa Polski Juniorow do lat 18 - Chlopcy"]
[Site "Szklarska Poreba"]
[Date "1899-12-30"]
[Round "9.1"]
[White "Lukasiewicz, Krzysztof"]
[Black "Kozak, Antoni"]
[Result "0-1"]
[WhiteTitle "k"]
[BlackTitle "k"]
[WhiteElo "2155"]
[BlackElo "2343"]

1. e4 c6 2. d4 d5 3. e5 Bf5 4. Nf3 e6 5. Be2 Nd7 6. O-O h6 7. a4 a5 8. c3 Ne7 9.
Na3 Bh7 10. Nc2 Nf5 11. Bd3 h5 12. Nfe1 Bg6 13. g3 c5 14. b3 cxd4 15. cxd4 Qb6
16. Rb1 Ne7 17. Ba3 Bxd3 18. Nxd3 Nc6 19. Bxf8 Kxf8 20. b4 axb4 21. Ndxb4 Qa7
22. Rb3 g6 23. Nxc6 bxc6 24. Qb1 Rb8 25. Rxb8+ Nxb8 26. Qb4+ Kg7 27. Ne1 Na6 28.
Qa5 Ra8 29. Nf3 c5 30. Rb1 cxd4 31. Rb6 d3 32. Qb5 Nc7 33. Qc6 Qxa4 34. Qxc7 Qe4
35. Qxf7+ Kxf7 36. Ng5+ Kf8 37. Nxe4 dxe4 38. Rd6 Ra5 39. f4 e3 40. Kg2 e2 0-1

[Event "Indywidualne Mistrzostwa Polski Juniorow do lat 18 - Chlopcy"]
[Site "Szklarska Poreba"]
[Date "1899-12-30"]
[Round "9.2"]
[White "Chylewski, Patryk"]
[Black "Psyk, Radoslaw"]
[Result "1-0"]
[WhiteTitle "FM"]
[BlackTitle "k++"]
[WhiteElo "2312"]
[BlackElo "2315"]

1. d4 Nf6 2. c4 e6 3. Nc3 Bb4 4. Qc2 O-O 5. a3 Bxc3+ 6. Qxc3 d6 7. Bg5 Nbd7 8.
e3 b6 9. Bd3 Bb7 10. f3 c5 11. Ne2 Rc8 12. Qd2 h6 13. Bh4 Ba6 14. Rc1 cxd4 15.
exd4 e5 16. O-O exd4 17. Nxd4 Ne5 18. Nf5 Nxd3 19. Qxd3 d5 20. Qd4 Rxc4 21. Rxc4
dxc4 22. Nxh6+ Kh7 23. Qxd8 Rxd8 24. Nxf7 Rd2 25. Rb1 Kg6 26. Ne5+ Kf5 27. Nc6
Nd7 28. Be1 Rd6 29. Nb4 Bb5 30. Nc2 Nc5 31. Bc3 Kg6 32. Ne3 Na4 33. Rd1 Re6 34.
Nd5 Kh6 35. Nc7 Nxc3 36. bxc3 Re5 37. Rd5 Rxd5 38. Nxd5 Kg5 39. Kf2 Kf5 40. Ke3
Ke5 41. Nf4 Be8 42. h4 a5 43. g4 b5 44. h5 Bd7 45. Ne2 Kd5 46. Ng3 Ke5 47. Ne4
Be8 48. f4+ Ke6 49. Kd4 Bc6 50. f5+ Kf7 51. g5 Bd7 52. Ke5 Kf8 53. f6 Bc6 54.
fxg7+ Kxg7 55. Kd4 Be8 56. Nf6 Bf7 57. h6+ Kh8 58. Ne4 b4 59. cxb4 1-0

[Event "Indywidualne Mistrzostwa Polski Juniorow do lat 18 - Chlopcy"]
[Site "Szklarska Poreba"]
[Date "1899-12-30"]
[Round "9.3"]
[White "Oglaza, Oskar"]
[Black "Kosakowski, Jakub"]
[Result "1/2-1/2"]
[WhiteTitle "FM"]
[BlackTitle "FM"]
[WhiteElo "2342"]
[BlackElo "2389"]

1. e4 c5 2. Nf3 d6 3. d4 cxd4 4. Nxd4 Nf6 5. Nc3 a6 6. Be2 e5 7. Nb3 Be7 8. Be3
Be6 9. g4 d5 10. exd5 Nxd5 11. Nxd5 Bxd5 12. Bf3 Bxf3 13. Qxf3 Nc6 14. Rd1 Qc7
15. O-O O-O 16. Qe4 Rfd8 17. a3 b5 18. c3 Rxd1 19. Rxd1 Rd8 20. Rd5 Qc8 21. Rxd8+
Qxd8 22. Qxc6 Qd1+ 23. Kg2 Qxg4+ 24. Kf1 Qd1+ 25. Kg2 Qg4+ 26. Kf1 Qd1+ 27. Kg2
Qg4+ 28. Kf1 Qd1+ 29. Kg2 Qg4+ 30. Kf1 Qd1+ 31. Kg2 1/2-1/2

[Event "Indywidualne Mistrzostwa Polski Juniorow do lat 18 - Chlopcy"]
[Site "Szklarska Poreba"]
[Date "1899-12-30"]
[Round "9.4"]
[White "Woloch, Oskar"]
[Black "Kowalski, Igor"]
[Result "0-1"]
[WhiteTitle "k"]
[BlackTitle "FM"]
[WhiteElo "2032"]
[BlackElo "2308"]

1. c4 Nf6 2. g3 c6 3. Nf3 d5 4. d4 g6 5. Bg2 Bg7 6. O-O O-O 7. Nbd2 a5 8. e3 a4
9. b4 dxc4 10. Nxc4 Be6 11. Nce5 Bd5 12. Nd3 Nbd7 13. Qc2 Be4 14. Nd2 Bxg2 15.
Kxg2 Qb6 16. Nc5 Rfc8 17. Nc4 Qa7 18. e4 b6 19. Nxd7 Nxd7 20. Bb2 Rab8 21. e5
c5 22. bxc5 bxc5 23. d5 Qa8 24. Rfd1 e6 25. Qd2 Nb6 26. Nxb6 Rxb6 27. Bc3 Rd8
28. Ba5 Rxd5 29. Qxd5 exd5 30. Bxb6 Qc6 31. Rab1 Bxe5 32. Re1 Bd6 33. Bd8 d4+
34. Kg1 Kg7 35. Be7 d3 0-1

[Event "Indywidualne Mistrzostwa Polski Juniorow do lat 18 - Chlopcy"]
[Site "Szklarska Poreba"]
[Date "1899-12-30"]
[Round "9.5"]
[White "Fus, Jakub"]
[Black "Szpar, Milosz"]
[Result "1-0"]
[WhiteTitle "FM"]
[BlackTitle "FM"]
[WhiteElo "2339"]
[BlackElo "2311"]

1. d4 Nf6 2. c4 e6 3. Nf3 b6 4. g3 Ba6 5. Qc2 c5 6. d5 exd5 7. cxd5 Bb7 8. Bg2
Nxd5 9. O-O Nc6 10. Rd1 Be7 11. Qa4 Nf6 12. e4 O-O 13. Nc3 Nd4 14. Nxd4 cxd4 15.
Qxd4 Bc5 16. Qd3 Re8 17. Bf4 Bc6 18. h3 b5 19. e5 Nh5 20. Bxc6 Nxf4 21. Qxd7 Qg5
22. Ne4 Ne2+ 23. Kf1 Qxe5 24. Bxa8 Rxa8 25. Nxc5 1-0

[Event "Indywidualne Mistrzostwa Polski Juniorow do lat 18 - Chlopcy"]
[Site "Szklarska Poreba"]
[Date "1899-12-30"]
[Round "9.6"]
[White "Brozyna, Mateusz"]
[Black "Kokoszczynski, Jan"]
[Result "1/2-1/2"]
[WhiteTitle "k"]
[BlackTitle "k"]
[WhiteElo "2180"]
[BlackElo "2239"]

1. e4 c6 2. d4 d5 3. Nc3 dxe4 4. Nxe4 Bf5 5. Ng3 Bg6 6. Nh3 Nf6 7. Nf4 e5 8. dxe5
Qa5+ 9. c3 Qxe5+ 10. Be2 Qc7 11. Bf3 Bd6 12. Qe2+ Qe7 13. Qxe7+ Kxe7 14. h4 Re8
15. Be3 Bxf4 16. Bxf4 Kf8+ 17. Be3 h6 18. O-O-O Nbd7 19. h5 Bh7 20. Rh4 Re7 21.
Ra4 a5 22. b4 Ree8 23. bxa5 Ne5 24. Be2 Nd5 25. Bd4 b5 26. Ra3 Nf4 27. Bxe5 Rxe5
28. Bf1 Nxh5 29. Ne2 Nf6 30. Nd4 Rc5 31. Kb2 Nd5 32. Rc1 1/2-1/2

[Event "Indywidualne Mistrzostwa Polski Juniorow do lat 18 - Chlopcy"]
[Site "Szklarska Poreba"]
[Date "1899-12-30"]
[Round "9.7"]
[White "Sernecki, Franciszek"]
[Black "Golenia, Jan"]
[Result "1-0"]
[WhiteTitle "I++"]
[BlackTitle "I++"]
[WhiteElo "2334"]
[BlackElo "2041"]

1. c4 c6 2. e4 d6 3. Nc3 Nd7 4. g3 e5 5. Bg2 Ngf6 6. Nge2 Be7 7. O-O a6 8. d4 b5
9. b3 b4 10. Na4 c5 11. d5 Nb6 12. Nxb6 Qxb6 13. f4 Nd7 14. Bh3 h5 15. Bb2 Bf6
16. Nc1 Nf8 17. Bxc8 Rxc8 18. Nd3 Nd7 19. fxe5 dxe5 20. a4 a5 21. Bc1 Be7 22.
Qf3 Qg6 23. Bb2 Bd6 24. Qf5 Qxf5 25. Rxf5 f6 26. Raf1 Ke7 27. Ne1 Rcf8 28. Ng2
g6 29. Nh4 Kf7 30. R5f2 Kg7 31. Ng2 Nb6 32. Bc1 Nc8 33. Be3 Rf7 34. Ne1 Rhf8 35.
Nd3 Rc7 36. h3 Ne7 37. g4 hxg4 38. hxg4 Rcc8 39. Rh2 g5 40. Kg2 Ng6 41. Rfh1 Rh8
42. Rh5 Rc7 43. Kg3 Rcc8 44. Kf3 Rc7 45. Nc1 Rcc8 46. Nd3 Rc7 47. Nc1 Rcc8 48.
Ne2 Rce8 49. Ng3 Ne7 50. Ke2 Reg8 51. Rxh8 Rxh8 52. Nh5+ Kg6 53. Nf4+ exf4 54.
Rxh8 fxe3 55. Ra8 Kf7 56. Kxe3 Ng6 57. Ra7+ Ke8 58. Rxa5 Ne5 59. Rb5 Nd7 60. Kf3
Bc7 61. a5 Kd8 62. d6 Bxd6 63. a6 Ne5+ 64. Kg2 Nc6 65. Rb7 Bb8 66. Rxb8+ 1-0

[Event "Indywidualne Mistrzostwa Polski Juniorow do lat 18 - Chlopcy"]
[Site "Szklarska Poreba"]
[Date "1899-12-30"]
[Round "9.8"]
[White "Godzwon, Iwo"]
[Black "Nowak, Mikolaj"]
[Result "1/2-1/2"]
[WhiteTitle "FM"]
[BlackTitle "I++"]
[WhiteElo "2322"]
[BlackElo "2254"]

1. e4 e5 2. Nf3 Nc6 3. Nc3 Nf6 4. Bb5 Bd6 5. a3 O-O 6. d3 h6 7. g4 Nh7 8. Be3 Ne7
9. g5 h5 10. Nh4 g6 11. Bc4 c6 12. d4 exd4 13. Qxd4 Qc7 14. Nf3 Bf4 15. O-O-O
Bxe3+ 16. fxe3 d6 17. Qxd6 Qxd6 18. Rxd6 Bh3 19. Ne5 Kg7 20. Rg1 Rae8 21. Nd3
Nc8 22. Rd4 Nb6 23. Ba2 Re7 24. Rg3 Bc8 25. h4 f6 26. gxf6+ Nxf6 27. a4 Bg4 28.
Nc5 Nc8 29. e5 Rxe5 30. Nxb7 Rfe8 31. Kd2 g5 32. hxg5 Rxg5 33. Nd8 c5 34. Rd3
Nh7 35. Nd1 Bxd1 36. Rxg5+ Nxg5 37. Kxd1 h4 38. Rd7+ Kf6 39. Nf7 Ne4 40. Ke2 h3
41. Kf3 Nb6 42. Rd1 Nxa4 43. Nd6 Nxd6 44. Rxd6+ Kg5 45. Rd5+ Kg6 46. Rd6+ Kg5
47. Rd5+ 1/2-1/2

[Event "Indywidualne Mistrzostwa Polski Juniorow do lat 18 - Chlopcy"]
[Site "Szklarska Poreba"]
[Date "1899-12-30"]
[Round "9.10"]
[White "Wyczling, Bartosz"]
[Black "Galuszka, Tomasz"]
[Result "1/2-1/2"]
[WhiteTitle "k"]
[BlackTitle "I++"]
[WhiteElo "2215"]
[BlackElo "2016"]

1. d4 d5 2. c4 c6 3. Nc3 Nf6 4. e3 e6 5. Nf3 Nbd7 6. Ne5 Nxe5 7. dxe5 Nd7 8. f4
Bb4 9. Be2 dxc4 10. Bxc4 b5 11. Be2 O-O 12. O-O Bb7 13. Ne4 a6 14. Qc2 Be7 15.
Rd1 Qc8 16. Bd2 c5 17. Ba5 Bd5 18. Nc3 Bc6 19. Bd3 h6 20. Be4 c4 21. Qd2 Nc5 22.
Bc2 Qb7 23. b4 Ne4 24. Bxe4 Bxe4 25. Qd7 Rfe8 26. Qxb7 Bxb7 27. Rd7 Bc6 28. Rc7
Rac8 29. Rxc8 Rxc8 30. Rd1 f5 1/2-1/2

[Event "Indywidualne Mistrzostwa Polski Juniorow do lat 18 - Chlopcy"]
[Site "Szklarska Poreba"]
[Date "1899-12-30"]
[Round "9.11"]
[White "Leskiewicz, Ignacy"]
[Black "Jordan, Adam"]
[Result "0-1"]
[WhiteTitle "I++"]
[BlackTitle "I"]
[WhiteElo "2192"]
[BlackElo "1842"]

1. e4 c6 2. d4 d5 3. exd5 cxd5 4. c4 Nf6 5. Nc3 Nc6 6. Bg5 Be6 7. a3 g6 8. Bxf6
exf6 9. Nf3 Bg7 10. Be2 O-O 11. O-O a6 12. b4 f5 13. b5 axb5 14. cxb5 Na5 15.
Rb1 g5 16. Na4 g4 17. Ne5 Qd6 18. Re1 Rfc8 19. Qd2 Nc4 20. Qb4 Qxb4 21. Rxb4 Bf8
22. Rxc4 dxc4 23. Nb6 c3 24. Nxa8 Rxa8 25. Nc4 Bg7 26. Nb6 Rd8 27. d5 Bxd5 28.
Nxd5 Rxd5 29. Rc1 Rd2 30. Bd1 c2 31. Bxc2 Bb2 32. Rd1 Rxc2 33. a4 Rc1 34. Rxc1
Bxc1 35. a5 Bb2 36. Kf1 Kf8 37. Ke2 Bc3 38. a6 bxa6 39. bxa6 Bd4 40. f3 Ke7 41.
fxg4 fxg4 42. Kd3 Ba7 43. Ke4 Kf6 44. Kf4 h5 45. h3 Bb8+ 46. Ke4 gxh3 47. gxh3
Kg5 48. Kd5 f5 49. Kc6 Ba7 50. Kd5 Kf4 51. Ke5+ Kxe5 0-1

[Event "Indywidualne Mistrzostwa Polski Juniorow do lat 18 - Chlopcy"]
[Site "Szklarska Poreba"]
[Date "1899-12-30"]
[Round "9.12"]
[White "Dzwierzynski, Bartosz"]
[Black "Raczynski, Krzysztof"]
[Result "0-1"]
[WhiteTitle "I"]
[BlackTitle "k+"]
[WhiteElo "1942"]
[BlackElo "2157"]

1. d4 Nf6 2. c4 g6 3. Nc3 Bg7 4. e4 d6 5. Nf3 O-O 6. Be2 e5 7. O-O Nc6 8. d5 Ne7
9. Ne1 Ne8 10. f3 f5 11. g4 c6 12. Nd3 Nf6 13. Be3 b6 14. b4 b5 15. dxc6 Nxc6
16. cxb5 Nd4 17. Bxd4 exd4 18. Nd5 fxe4 19. Nxf6+ Rxf6 20. fxe4 Bb7 21. Rxf6 Qxf6
22. Bf3 Bh6 23. Qb3+ Kg7 24. Rf1 Be3+ 25. Kg2 Rf8 26. Qd1 Qe6 27. Qb3 Qd7 28.
h3 Qxb5 29. Qe6 Rf6 30. Qe7+ Rf7 31. Qe6 Bg5 32. Nc5 dxc5 33. Qxf7+ Kxf7 34. Be2+
Ke6 35. Bxb5 Bxe4+ 36. Kf2 cxb4 37. Rd1 Ke5 38. Bc4 Bc2 39. Re1+ Be3+ 40. Kf3
a5 41. h4 a4 42. Rxe3+ dxe3 43. Kxe3 b3 44. Kd2 bxa2 45. Bxa2 Bb3 46. Bb1 a3 47.
Bxg6 a2 0-1

[Event "Indywidualne Mistrzostwa Polski Juniorow do lat 18 - Chlopcy"]
[Site "Szklarska Poreba"]
[Date "1899-12-30"]
[Round "9.13"]
[White "Ochowicz, Jakub"]
[Black "Lis, Mateusz"]
[Result "1/2-1/2"]
[WhiteTitle "I++"]
[BlackTitle "k"]
[WhiteElo "1988"]
[BlackElo "2156"]

1. e4 e5 2. Nf3 Nc6 3. Bb5 Nge7 4. d4 exd4 5. Nxd4 g6 6. Nxc6 Nxc6 7. Bxc6 dxc6
8. Qxd8+ Kxd8 9. Bg5+ Be7 10. Bxe7+ Kxe7 11. O-O Be6 12. Nc3 Rad8 13. Rad1 a6
14. f4 f5 15. e5 b6 16. a3 Rxd1 17. Rxd1 Rd8 18. Rxd8 Kxd8 19. h4 h5 20. g3 Ke7
21. Kf2 a5 22. Ke3 c5 23. Ne2 c6 24. c3 a4 25. Ng1 Bc4 26. Nf3 b5 27. Ng5 Bd5
28. Kd3 Bc4+ 29. Ke3 Bd5 30. Kd3 Bc4+ 31. Ke3 Bd5 1/2-1/2

[Event "Indywidualne Mistrzostwa Polski Juniorow do lat 18 - Chlopcy"]
[Site "Szklarska Poreba"]
[Date "1899-12-30"]
[Round "9.14"]
[White "Majocha, Piotr"]
[Black "Pytel, Maciej"]
[Result "0-1"]
[WhiteTitle "I+"]
[BlackTitle "k"]
[WhiteElo "2028"]
[BlackElo "2165"]

1. d4 Nf6 2. Nf3 e6 3. c4 Bb4+ 4. Nbd2 b6 5. a3 Bxd2+ 6. Bxd2 Bb7 7. e3 Ne4 8.
Be2 O-O 9. O-O f5 10. d5 Qf6 11. dxe6 dxe6 12. b4 Rd8 13. Qc2 c5 14. bxc5 Nxc5
15. Bc3 Qg6 16. a4 Be4 17. Qa2 a5 18. Bd4 Nbd7 19. Bxc5 Nxc5 20. Ne1 e5 21. Bf3
Bxf3 22. Nxf3 e4 23. Ne1 Rd6 24. g3 Rad8 25. Ng2 Rd2 26. Qb1 R8d6 27. Qb5 Qf7
28. Nf4 g5 29. Nd5 Rh6 30. Nxb6 Qh5 31. h4 gxh4 32. Qxc5 hxg3 33. Qc8+ Kg7 34.
Qc7+ Kf6 35. Qc6+ Ke5 0-1

[Event "Indywidualne Mistrzostwa Polski Juniorow do lat 18 - Chlopcy"]
[Site "Szklarska Poreba"]
[Date "1899-12-30"]
[Round "9.15"]
[White "Hrymowicz, Artur"]
[Black "Garbowski, Jakub"]
[Result "1/2-1/2"]
[WhiteTitle "I++"]
[BlackTitle "k"]
[WhiteElo "1991"]
[BlackElo "2151"]

1. e4 e5 2. Nf3 Nc6 3. d4 exd4 4. Nxd4 Nf6 5. Nc3 Bb4 6. Nxc6 bxc6 7. Bd3 d5 8.
exd5 cxd5 9. O-O O-O 10. Bg5 c6 11. Qf3 Bd6 12. h3 Rb8 13. b3 h6 14. Bf4 Rb4 15.
Bxd6 Qxd6 16. Rae1 Bd7 17. Qe3 c5 18. Qe5 Qc6 19. Bf5 Re8 20. Bxd7 Qxd7 21. Qg3
Rbb8 22. Qd3 Qc6 23. Qf3 Qd6 24. Qd3 Qc6 25. Qf3 Qd6 26. Qd3 Qc6 1/2-1/2

[Event "Indywidualne Mistrzostwa Polski Juniorow do lat 18 - Chlopcy"]
[Site "Szklarska Poreba"]
[Date "1899-12-30"]
[Round "9.16"]
[White "Jarzebowski, Kacper"]
[Black "Kaminski, Maciej"]
[Result "0-1"]
[WhiteTitle "I++"]
[BlackTitle "I++"]
[WhiteElo "2079"]
[BlackElo "1796"]

1. d4 Nf6 2. c4 g6 3. Nc3 Bg7 4. e4 d6 5. Bd3 O-O 6. Nge2 c5 7. d5 e6 8. O-O exd5
9. exd5 a6 10. a4 Re8 11. Bf4 Nh5 12. Be3 Nd7 13. Ng3 Nxg3 14. hxg3 Ne5 15. Qd2
Qa5 16. Be2 Qb4 17. Nb1 Ng4 18. Bxg4 Bxg4 19. Qxb4 cxb4 20. Nd2 Bxb2 21. Rab1
Bc3 22. Bf4 Bf5 23. Rbc1 Bxd2 24. Bxd2 b3 25. Rc3 Re2 26. Bf4 Bc2 27. Bc1 b6 28.
a5 bxa5 29. c5 dxc5 30. Rxc5 Bf5 31. Rxa5 b2 32. Bxb2 Rxb2 33. Rfa1 Rb1+ 34. Rxb1
Bxb1 35. g4 Bd3 36. Rc5 Rd8 37. f3 Kf8 38. Kf2 Ke7 39. Ke3 Bf1 40. g3 Kd6 41.
Kd4 Bb5 42. Rc1 Ra8 43. Rh1 a5 44. Rxh7 Be8 45. Rh1 a4 46. Rb1 a3 47. Rb6+ Kc7
48. Rb1 a2 49. Ra1 Kd6 50. Kc3 Kxd5 51. Kb2 Kd4 52. f4 Ke3 53. f5 Kf3 54. fxg6
fxg6 0-1

[Event "Indywidualne Mistrzostwa Polski Juniorow do lat 18 - Chlopcy"]
[Site "Szklarska Poreba"]
[Date "1899-12-30"]
[Round "9.17"]
[White "Wierzbicki, Michal"]
[Black "Kawalko, Adam"]
[Result "1-0"]
[WhiteTitle "I+"]
[BlackTitle "I+"]
[WhiteElo "1919"]
[BlackElo "1876"]

1. d4 Nf6 2. Nf3 e6 3. c4 c5 4. d5 b5 5. Bg5 exd5 6. cxd5 d6 7. e4 b4 8. Nbd2 Be7
9. Qb3 O-O 10. Bd3 Bg4 11. Be3 Nbd7 12. Nc4 a5 13. a4 Nb6 14. Nxb6 Qxb6 15. Nd2
Bc8 16. h3 Nd7 17. O-O Qc7 18. f4 Bf6 19. Rac1 Re8 20. Rfe1 Bb7 21. Bf2 Qc8 22.
Bb5 Ba6 23. Bc6 Bb7 24. Nc4 Bxc6 25. Nxd6 Qa6 26. Nxe8 Rxe8 27. dxc6 Qxc6 28.
e5 Be7 29. e6 c4 30. exd7 1-0

[Event "Indywidualne Mistrzostwa Polski Juniorow do lat 18 - Chlopcy"]
[Site "Szklarska Poreba"]
[Date "1899-12-30"]
[Round "9.18"]
[White "Kukula, Karol"]
[Black "Iwanczuk, Krzysztof"]
[Result "1/2-1/2"]
[WhiteTitle "I"]
[BlackTitle "I"]
[WhiteElo "1785"]
[BlackElo "1749"]

1. e4 c6 2. d4 d5 3. exd5 cxd5 4. c4 Nf6 5. Nc3 Nc6 6. Bg5 Be6 7. Bxf6 exf6 8.
c5 g6 9. Bb5 Bg7 10. Nge2 O-O 11. O-O Ne7 12. Nf4 b6 13. Qe2 Bd7 14. b4 Nf5 15.
Bxd7 Qxd7 16. Rad1 Ne7 17. Rfe1 Rfe8 18. Qb5 Qxb5 19. Nxb5 Nc6 20. Rxe8+ Rxe8
21. Nd6 Rd8 22. b5 Ne7 23. Re1 Bf8 24. Nb7 Rc8 25. c6 Nxc6 26. bxc6 Rxc6 27. Nxd5
Kg7 28. a4 Rc4 29. a5 Rxd4 30. axb6 axb6 31. Nxb6 Rb4 32. Nd7 Rxb7 33. Nxf8 Kxf8
34. g3 f5 35. Kg2 Kg7 36. Ra1 Rb6 37. Ra4 Kf6 38. h4 Rb7 39. Ra6+ Kg7 40. Ra4
f6 41. Rc4 g5 42. Ra4 Kg6 43. Kf3 Rb3+ 44. Kg2 f4 45. hxg5 f3+ 46. Kh2 Rb2 47.
gxf6 Rxf2+ 48. Kh3 Kxf6 49. g4 Ke5 50. Kg3 Rf1 51. Rb4 Kf6 1/2-1/2

[Event "Indywidualne Mistrzostwa Polski Juniorow do lat 18 - Chlopcy"]
[Site "Szklarska Poreba"]
[Date "1899-12-30"]
[Round "9.19"]
[White "Kukorowski, Jan"]
[Black "Marczak, Szymon"]
[Result "1-0"]
[WhiteTitle "I+"]
[BlackTitle "I++"]
[WhiteElo "1719"]
[BlackElo "1931"]

1. e4 c5 2. Nf3 Qc7 3. d4 cxd4 4. Nxd4 Nc6 5. Nxc6 dxc6 6. Bd3 e5 7. O-O Bc5 8.
Kh1 Nf6 9. f4 Ng4 10. Qf3 Qb6 11. h3 h5 12. fxe5 Be6 13. Nd2 Nf2+ 14. Kh2 Bg4
15. Qg3 h4 16. Qf4 Be3 17. Qxg4 Nxg4+ 18. hxg4 Bxd2 19. Bxd2 Rf8 20. Bc3 O-O-O
21. Rf3 Qc5 22. Raf1 Rd7 23. e6 Qd6+ 24. e5 Qxe6 25. Bf5 Qc4 26. Rd1 Rfd8 27.
Rfd3 Qf4+ 28. Kg1 g6 29. Bxd7+ Kc7 30. Rf1 Qc4 31. e6 fxe6 32. Be5+ Kb6 33. Rf4
Qxa2 34. Rb4+ Kc5 35. Bd6# 1-0

[Event "Indywidualne Mistrzostwa Polski Juniorow do lat 18 - Chlopcy"]
[Site "Szklarska Poreba"]
[Date "1899-12-30"]
[Round "9.20"]
[White "Niemier, Hubert"]
[Black "Szydelko, Michal"]
[Result "1/2-1/2"]
[WhiteTitle "I"]
[BlackTitle "I"]
[WhiteElo "1801"]
[BlackElo "1764"]

1. d4 d5 2. c4 e6 3. Nc3 Nf6 4. Bg5 Be7 5. Nf3 O-O 6. e3 h6 7. Bh4 b6 8. Bd3 Bb7
9. O-O Nbd7 10. Rc1 c5 11. Re1 Rc8 12. b3 Re8 13. Qc2 Nf8 14. Red1 cxd4 15. exd4
a6 16. Qe2 dxc4 17. bxc4 N8d7 18. Ne5 Nxe5 19. dxe5 Nd7 20. Bg3 Qc7 21. Ne4 Bxe4
22. Qxe4 g6 23. Bb1 b5 24. h4 h5 25. cxb5 Qxc1 26. Rxc1 Rxc1+ 27. Kh2 axb5 28.
Bd3 Nc5 29. Qc6 Rd8 30. Bxb5 Rdd1 31. Qa8+ Kg7 32. Kh3 Rc3 1/2-1/2

[Event "Indywidualne Mistrzostwa Polski Juniorow do lat 18 - Chlopcy"]
[Site "Szklarska Poreba"]
[Date "1899-12-30"]
[Round "9.21"]
[White "Posluszny, Tomasz"]
[Black "Paliwoda, Borys"]
[Result "1/2-1/2"]
[WhiteTitle "I+"]
[BlackTitle "I+"]
[WhiteElo "1906"]
[BlackElo "1974"]

1. d4 d5 2. c4 c5 3. Nc3 dxc4 4. d5 e6 5. e4 exd5 6. exd5 Nf6 7. Bxc4 Bd6 8. Nf3
O-O 9. O-O Bf5 10. Re1 h6 11. b3 a6 12. a4 b6 13. Ne5 Qc7 14. f4 Nfd7 15. Nxd7
Nxd7 16. Qf3 Nf6 17. h3 h5 18. Bd2 Qb7 19. Re5 Bg6 20. Rae1 Rad8 21. g3 Qc8 22.
Kh2 Rde8 23. Qf1 a5 24. Nb5 Qb8 25. Nxd6 Qxd6 26. Rxe8 Rxe8 27. Rxe8+ Nxe8 28.
Qf3 f6 29. f5 Bf7 30. Bf4 Qe7 31. Qe3 Qxe3 32. Bxe3 Nd6 33. Bf4 Nxc4 34. bxc4
Be8 35. Bc7 Bxa4 36. Bxb6 Kf7 37. Bxa5 1/2-1/2